00587 2200193 4500001002100000008004100021035002000062245009300082100001900175260004000194300003000234020002200264084001400286520003600300082000800336650002700344990001100371990001100382INLIS000000000014846 ind  a0010-1022000164 aIr. SoekarnobProklamator kemerdekaan Bangsa IndonesiacRohmat Kurnia; editor, Fina Insi aROHMAT, Kurnia aJakarta :bBee Media Pustaka,c2022 avi, 62 hal.: ilus.c21 cm a978-602-6227-06-5 a920 ROH i aBibliografi : hal.62, Glosarium a920 aBIOGRAFI. IR. SOEKARNO a9739 a a9739 b